[Event "29th Paul Keres Memorial 2020"]
[Site "Tallinn"]
[Date "2020.01.11"]
[Round "1.1"]
[White "Onischuk, Vladimir"]
[Black "Jarnstrom, Henrik"]
[Result "1-0"]
[WhiteElo "2631"]
[BlackElo "1690"]
[Annotator "TA"]
[PlyCount "77"]
[EventDate "2020.01.11"]
[EventType "swiss"]
[EventCountry "EST"]
[SourceTitle "playchess.com"]
[Source "ChessBase"]
[SourceQuality "1"]

{[%evp 21,77,36,37,39,89,53,88,46,68,54,60,57,63,62,60,59,72,74,130,75,110,4,155,5,209,155,182,156,209,204,230,220,308,294,340,351,393,385,389,372,442,427,429,420,406,273,271,262,587,587,587,577,534,333,753,748,749,725]} 1. e4 Nf6 2. e5 Nd5 3. d4 d6 4. Nf3 Bg4 5. h3 Bh5 6. Be2 e6 7. exd6 cxd6 8. O-O Be7 9. c4 Nb6 10. Nc3 O-O 11. b3 Nc6 12. Be3 {B05: Alekhine's Defence: 4 Nf3 Bg4} Rc8 (12... d5 13. c5 Nc8 14. b4 a6 15. a3 Bxf3 16. Bxf3 Bf6 17. g4 N8e7 18. Bg2 g6 19. f4 b6 20. Na4 bxc5 21. Nxc5 Nc8 {½-½ (54) Navara,D (2744)-Rapport,R (2731) Prague 2016}) 13. Qd2 Bg6 14. a3 $146 {White is better.} ({Predecessor:} 14. d5 Ne5 15. dxe6 fxe6 16. Nd4 Qd7 17. Ndb5 Nc6 18. Nxa7 Nxa7 19. Bxb6 Nc6 20. Rad1 Ne5 21. f4 Qc6 22. Bd4 Rcd8 23. Qe3 {1-0 (23) Shishov,M-Naftalin,S Tbilisi 1957}) 14... d5 15. c5 $1 {[%cal Rc5b6]} Nd7 16. b4 Bf6 17. Rfd1 a6 18. Rac1 Ne7 19. Bf4 Re8 ({Black should try} 19... Nc6) 20. a4 (20. b5 $142) 20... Nf5 21. b5 ({White should play} 21. g4 $16 Nh4 22. g5 Nxf3+ 23. Bxf3) 21... axb5 $2 {[#]} ({Better is} 21... Nxd4 $1 $11 22. Nxd4 Nxc5) 22. axb5 ({Resist} 22. Bxb5 Rf8 $14) (22. Nxb5 $16 {And now g4 would win.} Rf8 23. Nd6 Nxd6 24. cxd6 (24. Bxd6 Be7 $16)) 22... Nh4 $2 (22... Nxd4 $1 $11 23. Nxd4 Nxc5) 23. Nxh4 Bxh4 24. Be3 f5 (24... Bf6 $16 {is a better defense.} 25. b6 Qe7) 25. b6 $18 Be7 26. Nb5 {[%cal Bc3b5,Bb5a7,Ba7c6][%mdl 32]} Rf8 27. Na7 Ra8 28. Bf4 h6 29. Bc7 Qe8 30. Bb5 Bd8 {intending ...Bxc7.} 31. c6 bxc6 32. Nxc6 Nxb6 33. Bxd8 Rxd8 34. Qb4 {Ne7+ is the strong threat.} ({But not} 34. Nxd8 Qxd8 35. Qf4 Bf7 $18) 34... Rd7 $2 (34... Nc8 {is tougher.} 35. Nxd8 Qxd8) 35. Ne5 {[%mdl 64] [#] Pin, Discovered Attack} Bh5 36. Nxd7 Nxd7 37. Re1 {aiming for Qd6.} Qf7 $2 (37... Qb8 38. Rxe6 Nf6) 38. Rc7 Rd8 39. Qa4 {Played: Qb4-d6} 1-0

[Event "29th Paul Keres Memorial 2020"]
[Site "Tallinn"]
[Date "2020.01.11"]
[Round "1.2"]
[White "Pedmanson, Albert"]
[Black "Kovalenko, Igor"]
[Result "0-1"]
[WhiteElo "1690"]
[BlackElo "2640"]
[Annotator "TA"]
[PlyCount "52"]
[EventDate "2020.01.11"]
[EventType "swiss"]
[EventCountry "EST"]
[SourceTitle "playchess.com"]
[Source "ChessBase"]
[SourceQuality "1"]

{[%evp 14,52,-11,-18,-31,-27,-22,-31,-14,-44,-31,-46,-46,-61,-56,-85,-72,-80,-66,-163,-174,-206,-204,-440,-425,-429,-427,-589,-595,-645,-641,-1814,-1807,-1695,-1651,-29979,-29978,-29976,-29977,-29974,-6010]} 1. e4 c5 2. c3 Nf6 3. e5 Nd5 4. d4 cxd4 5. cxd4 d6 6. Bc4 Nb6 7. Bb5+ Bd7 8. e6 fxe6 {B22: Sicilian: 2 c3} 9. Bd3 {Qh5+ would kill now.} g6 10. h4 Bc6 {Black is slightly better.} 11. h5 Bg7 $1 ({Reject} 11... Bxg2 $6 12. Rh2 $14) 12. hxg6 hxg6 ({Don't blunder} 12... Bxg2 $2 13. Rxh7 Rg8 14. f3 $18) 13. Rxh8+ Bxh8 14. Bxg6+ (14. Qg4 Kd7 15. Nc3 Na6 16. a3 {0-1 (57) Belyakov,B (2458)-Sarana,A (2631) Khanty-Mansiysk 2018}) 14... Kd7 15. Qg4 Na6 $146 ({Predecessor:} 15... Qg8 16. Ne2 {1-0 (44) Hebels,A-Vermeer,K Netherlands 1991}) 16. Bf7 {[#]} (16. Nc3 $15) 16... Nc7 $1 $19 17. Bh6 {[#]} Bf6 $1 {Hoping for ...Qh8.} 18. Nh3 $2 (18. Bg7) 18... Qh8 $1 {[%csl LRd4,LRh6]} 19. Be3 Rf8 20. Bh5 Rg8 21. Qe2 Rxg2 22. Nf4 Rg1+ 23. Kd2 Bxd4 24. Bxd4 Qxd4+ {[%mdl 64] Double Attack. Black mates.} 25. Nd3 Nc4+ 26. Kc2 Ba4+ {Accuracy: White = 28%, Black = 100%.} 0-1

[Event "29th Paul Keres Memorial 2020"]
[Site "Tallinn"]
[Date "2020.01.11"]
[Round "1.3"]
[White "Alekseev, Evgeny"]
[Black "Zhelnin, Vladimir V"]
[Result "1-0"]
[WhiteElo "2623"]
[BlackElo "2404"]
[Annotator "TA"]
[PlyCount "51"]
[EventDate "2020.01.11"]
[EventType "swiss"]
[EventCountry "EST"]
[SourceTitle "playchess.com"]
[Source "ChessBase"]
[SourceQuality "1"]

{[%evp 9,51,56,50,60,70,66,72,68,108,113,142,66,249,258,252,256,253,254,272,281,266,287,314,303,405,413,448,448,552,572,544,527,1215,1204,1207,1203,1174,1107,1428,1370,2344,2279,2152,2099]} 1. e4 d6 2. d4 Nf6 3. Bd3 g6 4. Nf3 Bg4 (4... Bg7 5. O-O O-O 6. Re1 Nc6 7. d5 Nb4 8. Bf1 c6 9. a3 Na6 10. Nc3 Bd7 11. Be3 Qc7 12. Bd4 Rac8 13. dxc6 Bxc6 14. Bxa7 {½-½ (50) Aronian,L (2758)-Le,Q (2708) Khanty-Mansiysk 2019}) 5. Nbd2 Bg7 6. h3 {B07: Pirc Defence: Miscellaneous Systems} Bxf3 7. Nxf3 O-O 8. O-O {White is better.} Re8 $146 ({Predecessor:} 8... Nc6 9. c3 e5 10. dxe5 dxe5 11. Bg5 h6 12. Bxf6 Qxf6 13. Qe2 Nd8 14. Rad1 Ne6 15. g3 a5 16. Kg2 Nc5 17. Bc2 c6 {1-0 (49) Yilmazyerli,M (2420)-Shanava,K (2538) Konya 2019}) 9. e5 Nfd7 {[%cal Rd6e5]} 10. Qe2 ({White should play} 10. e6 $16 fxe6 11. Ng5) 10... Nc6 $2 (10... e6 $14) 11. e6 $18 {[#] Hoping for exf7+.} Nf8 12. d5 Ne5 13. Nxe5 dxe5 14. exf7+ Kxf7 15. Bb5 Nd7 16. Qg4 c6 17. dxc6 Nf6 18. Qc4+ {White is clearly winning.} e6 19. cxb7 Rb8 20. Bxe8+ Qxe8 21. Qc7+ Kg8 22. c4 Bf8 23. Be3 Ne4 24. Bxa7 Bd6 25. Bxb8 {[#] White threatens Qc8! and mate.} Bxc7 26. Bxc7 {Accuracy: White = 73%, Black = 29%.} 1-0

[Event "29th Paul Keres Memorial 2020"]
[Site "Tallinn"]
[Date "2020.01.11"]
[Round "1.4"]
[White "Nikitin, Arseni EST"]
[Black "Tiviakov, Sergei"]
[Result "0-1"]
[WhiteElo "1742"]
[BlackElo "2608"]
[Annotator "TA"]
[PlyCount "64"]
[EventDate "2020.01.11"]
[EventType "swiss"]
[EventCountry "EST"]
[SourceTitle "playchess.com"]
[Source "ChessBase"]
[SourceQuality "1"]

{[%evp 9,64,35,64,45,55,18,48,12,47,25,21,0,-17,-18,-34,-124,-100,-525,-514,-518,-487,-554,-534,-555,-550,-953,-958,-927,-666,-653,-641,-647,-614,-597,-613,-645,-632,-746,-741,-958,-926,-1168,-1180,-1445,-1425,-1214,-1424,-3145,-2841,-2749,-2668,-29992,-29993,-29993,-29994,-29994,-1339]} 1. e4 d5 2. exd5 Qxd5 3. Nc3 Qd6 4. d4 Nf6 5. Nf3 c6 6. Be2 {B01: Scandinavian Defence} (6. g3 Bf5 7. Bg2 h6 8. O-O e6 9. Na4 Nbd7 10. Bf4 Qe7 11. c4 g5 12. Be3 Bg7 13. Qb3 Rb8 {1-0 (88) Grandelius,N (2655)-Andreikin,D (2723) Porto Carras 2018}) 6... Bf5 7. Be3 e6 8. Qd2 {White is slightly better.} Nbd7 {[%cal Bb8d7,Bd7b6,Bb6a4,Ba4c3][%mdl 32]} 9. O-O-O Qc7 10. Bf4 Qa5 $146 {[#] Strongly threatening ...Bb4.} ({Predecessor:} 10... Qd8 11. Bd3 Bg4 12. Qe2 Bb4 {1-0 (43) Rozov,B (2171)-Mashinskaya,I (2333) Dresden 2011}) 11. Ne5 Nb6 {Hoping for ...Bb4.} 12. a3 (12. g4 $15 Bb4 13. gxf5) 12... Bxa3 $1 $17 {And now ...Bb4 would win.} 13. bxa3 $2 {[%mdl 8192]} (13. Na2 $17 Bb4 14. Qxb4 Qxa2 15. Qa3 Qxa3 16. bxa3) 13... Qxa3+ $19 14. Kb1 Nfd5 15. Na2 Na4 {[%csl Ga4][%cal Ra3b2] [#]} 16. Nc4 Ndc3+ 17. Qxc3 Nxc3+ 18. Nxc3 Qb4+ 19. Kc1 Qxc3 {[%csl Gf5][%cal Rc3c2]} 20. Nd6+ Kd7 {[%csl Gf5][%cal Rc3c2]} 21. Nxf5 exf5 22. Bd3 g6 23. Be5 Rhe8 24. f4 a5 {[%cal Ba7a5,Ba5a4,Ba4a3,Ba3a2][%mdl 32]} 25. d5 Rxe5 26. dxc6+ Kxc6 27. fxe5 a4 28. Be2 a3 29. Rd6+ Kc7 30. Rhd1 a2 {[%cal Ra2a1] Black mates.} 31. Rd7+ Kb6 {[%cal Ra2a1]} 32. R1d6+ Qc6 {Accuracy: White = 11%, Black = 68%.} (32... Ka5 $142 33. Rd5+ Ka4 34. Rxb7 a1=Q+ 35. Rb1 Qe3+ {[%mdl 64] Double Attack} 36. Rd2 Qea3+ 37. Kd1 Qxb1#) 0-1

[Event "29th Paul Keres Memorial 2020"]
[Site "Tallinn"]
[Date "2020.01.11"]
[Round "1.5"]
[White "Kuzubov, Yuriy"]
[Black "Teemae, Leo"]
[Result "1-0"]
[WhiteElo "2644"]
[BlackElo "1872"]
[Annotator "TA"]
[PlyCount "61"]
[EventDate "2020.01.11"]
[EventType "swiss"]
[EventCountry "EST"]
[SourceTitle "playchess.com"]
[Source "ChessBase"]
[SourceQuality "1"]

{[%evp 24,61,18,-23,-13,-29,16,6,27,0,-8,4,10,4,15,18,15,19,27,20,45,14,18,19,26,0,16,13,20,18,72,60,183,188,153,160,308,253,402,386]} 1. d4 Nf6 2. c4 e6 3. Nf3 Bb4+ 4. Bd2 Qe7 5. g3 Nc6 6. Bg2 O-O 7. O-O Bxd2 8. Nbxd2 d6 9. e4 e5 10. d5 Nb8 {[%cal Bc6b8,Bb8a6,Ba6c5][%mdl 32]} 11. Ne1 a5 12. Nd3 Na6 13. f4 exf4 {E11: Bogo-Indian} (13... Nd7 14. a3 Nac5 15. Nxc5 dxc5 16. Qc2 Ra6 17. Qc3 a4 18. Rae1 Re8 19. Nf3 Rb6 20. Rf2 Rb3 21. Qa5 exf4 22. gxf4 Nb6 23. Rc2 Bh3 24. Qd2 Bxg2 25. Kxg2 Qd7 26. f5 f6 27. Qf2 Qe7 28. e5 {½-½ (28) Gleizerov,E (2569)-Cvek,R (2549) Brno 2012}) 14. gxf4 Nd7 (14... Bg4 $5 {[%cal Rg4d1]} 15. Qe1 Nb4 16. Nxb4 axb4 $11) 15. Qf3 Nac5 {The position is equal.} 16. Nf2 f5 17. Rae1 $146 ({Predecessor:} 17. Bh3 fxe4 18. Nfxe4 Ne5 19. Qc3 Nxe4 20. Nxe4 Bxh3 21. Qxh3 Nxc4 {0-1 (29) Diotallevi,M (2280)-Stepanov,K (2390) ICCF corr 1995}) 17... fxe4 18. Nfxe4 Nxe4 19. Nxe4 {Ng5 is the strong threat.} Qh4 20. Qg3 Qxg3 21. hxg3 h6 22. Re3 (22. Nc3 {is more complex.} Nf6 23. Nb5 Rf7 24. Nd4 Bd7 25. Bf3) 22... Nf6 23. Nxf6+ Rxf6 24. Ra3 Ra6 25. Re1 $36 {[%mdl 2048] White is more active.} Kf8 26. Bf1 c5 (26... Ra8 $11 {keeps the balance.}) 27. dxc6 $16 Rxc6 (27... bxc6 $14 28. Rae3 Bd7) 28. Rxa5 $18 Be6 29. b3 Rf5 (29... Ra6 $16 30. Rxa6 bxa6) 30. Ra8+ Bc8 (30... Kf7 {might work better.} 31. Bh3 Rf6) 31. Bh3 {Accuracy: White = 61%, Black = 20%.} 1-0

[Event "29th Paul Keres Memorial 2020"]
[Site "Tallinn"]
[Date "2020.01.11"]
[Round "1.6"]
[White "Ilves, Juri"]
[Black "Moiseenko, Alexander"]
[Result "0-1"]
[WhiteElo "2059"]
[BlackElo "2620"]
[Annotator "TA"]
[PlyCount "52"]
[EventDate "2020.01.11"]
[EventType "swiss"]
[EventCountry "EST"]
[SourceTitle "playchess.com"]
[Source "ChessBase"]
[SourceQuality "1"]

{[%evp 9,52,-37,-30,-49,-49,-43,-39,-48,-42,-56,-52,-77,-36,-73,-61,-71,-74,-80,-72,-76,-71,-82,-66,-72,-83,-70,-42,-56,-46,-347,-324,-500,-458,-843,-867,-1693,-1402,-1402,-612,-2734,-2575,-29992,-29992,-29992,-29993]} 1. g3 e5 2. Bg2 d5 3. d3 Nc6 4. Nd2 Nf6 5. c4 (5. a3 a5 6. e4 Be7 7. Ngf3 O-O 8. O-O Re8 9. exd5 Nxd5 10. Re1 Bf8 11. Nc4 f6 12. Nh4 Be6 {0-1 (48) Svidler,P (2769)-Wang,H (2743) Stavanger 2013}) 5... d4 6. Ne4 {A00: Irregular Openings} Be7 7. Nxf6+ $1 Bxf6 8. Nf3 {Black is slightly better.} O-O 9. Nd2 $146 ({Predecessor:} 9. O-O Bg4 10. Rb1 Re8 11. Nd2 Bg5 {1-0 (23) Gkoutzouki,A (1252)-Sismeiro,S (1022) Riga 2018}) 9... a5 10. b3 Be6 11. O-O Be7 12. Bb2 Qd7 13. Re1 Bh3 14. Bh1 f5 15. a3 Kh8 16. Qc2 Rad8 17. c5 Bf6 18. Qc4 e4 19. Qb5 $2 {[%mdl 8192]} (19. dxe4 $15 f4 20. Nf3) 19... e3 $19 20. fxe3 (20. Nc4 $142 exf2+ 21. Kxf2) 20... dxe3 {[%mdl 64] Discovered Attack} 21. Bxf6 (21. Nc4 $142 Bxb2 22. Nxb2) 21... exd2 (21... Rxf6 $2 22. Nc4 $19) 22. Bxd8 dxe1=Q+ 23. Rxe1 Qxd8 (23... Qd4+ $142 24. e3 Qc3) 24. e3 {[#]} f4 $1 {( -> ...fxe3)} 25. Be4 (25. exf4 Qd4+) 25... fxg3 26. hxg3 {[#]} Qg5 $1 {Accuracy: White = 17%, Black = 73%.} 0-1

[Event "29th Paul Keres Memorial 2020"]
[Site "Tallinn"]
[Date "2020.01.11"]
[Round "2.1"]
[White "Dubrovin, Robert"]
[Black "Onischuk, Vladimir"]
[Result "0-1"]
[WhiteElo "2215"]
[BlackElo "2631"]
[Annotator "TA"]
[PlyCount "100"]
[EventDate "2020.01.11"]
[EventType "swiss"]
[EventCountry "EST"]
[SourceTitle "playchess.com"]
[Source "ChessBase"]
[SourceQuality "1"]

{[%evp 9,100,38,41,28,45,37,50,15,21,13,16,-22,-18,-25,0,0,0,0,22,25,29,-7,-5,-16,-8,-6,-13,-23,-18,-41,-35,-50,-18,-31,0,-55,-58,-78,-73,-81,-82,-82,-82,-78,-80,-110,-95,-95,-99,-155,-118,-115,-130,-106,-112,-137,-86,-118,-78,-80,-80,-84,-104,-100,-97,-252,-189,-184,-164,-156,-154,-154,-141,-499,-500,-500,-500,-714,-720,-1414,-1414,-1950,-1839,-6552,-5501,-29973,-5470,-29990,-29991,-29991,-29992,-29994,-29995]} 1. d4 d6 2. Nf3 g6 3. c4 Bg7 4. Nc3 Nc6 $146 ({Predecessor:} 4... e5 5. h3 {½-½ (9) Lopez Martinez,J (2567)-Alonso Gonzalez,C (2069) Barcelona 2007}) 5. h3 e5 {[%cal Rc6d4]} 6. d5 {A41: 1 d4 d6: Tartakower System and Modern Defence} Nce7 7. e4 f5 8. g3 {White is slightly better.} Nf6 9. Bg2 O-O 10. Bg5 h6 11. Be3 g5 12. exf5 Nxf5 13. g4 Nxe3 14. fxe3 c6 15. Qd2 cxd5 16. cxd5 Bd7 17. O-O Qb6 $36 {[%mdl 2048] Black fights for an advantage.} 18. Kh1 Rac8 19. Rac1 a5 20. Qe2 a4 21. a3 Qb3 22. e4 (22. Rb1 $11) 22... b5 $15 23. Rb1 Qc4 {...Qxe2 is the strong threat.} 24. Qxc4 Rxc4 25. Nd2 Rc5 26. Bf3 {[#]} h5 $1 {[%mdl 512]} 27. Rg1 (27. gxh5 Bxh3) 27... hxg4 28. hxg4 Kf7 29. Kh2 ({White should try} 29. Nf1) 29... Rb8 30. Kg3 b4 31. axb4 Rxb4 32. Rgc1 Rd4 (32... Kg6 $142 33. Rc2 Bb5) 33. Nf1 $17 Rd3 {Strongly threatening ...Bxg4.} 34. Rd1 {[#]} Rxf3+ $1 {[%mdl 576] Remove Defender} 35. Kxf3 Bxg4+ 36. Ke3 Bxd1 37. Nxd1 $2 (37. Rxd1 $17 a3 38. Kd3) 37... g4 {Threatens to win with ...Rc4.} 38. Kd3 Nh5 39. Nde3 g3 40. Nf5 g2 41. Nd2 $2 {[%mdl 8192]} (41. N1e3 $17 Nf4+ 42. Kd2) 41... Nf4+ $19 42. Ke3 Bf8 43. Ra1 Rc2 44. Rb1 {[#]} Rxb2 $1 {[%mdl 512]} 45. Ra1 {[#]} (45. Rxb2 g1=Q+) 45... a3 $1 {[%cal Ba4a3,Ba3a2][%mdl 32]} 46. Nc4 (46. Rxa3 g1=Q+) 46... Rb3+ 47. Kf2 {[#]} a2 $1 {( -> ...Rb1)} 48. Ncxd6+ (48. Rxa2 Rb1) 48... Bxd6 {Black mates.} 49. Nxd6+ Kf6 50. Nc4 Rb1 {Accuracy: White = 45%, Black = 83%.} 0-1

[Event "29th Paul Keres Memorial 2020"]
[Site "Tallinn"]
[Date "2020.01.11"]
[Round "2.2"]
[White "Kovalenko, Igor"]
[Black "Narva, Mai"]
[Result "1-0"]
[WhiteElo "2640"]
[BlackElo "2321"]
[Annotator "TA"]
[PlyCount "79"]
[EventDate "2020.01.11"]
[EventType "swiss"]
[EventCountry "EST"]
[SourceTitle "playchess.com"]
[Source "ChessBase"]
[SourceQuality "1"]

{[%evp 17,79,-6,2,0,0,-26,-24,-10,9,-10,2,6,15,-15,19,-12,15,0,0,7,4,0,15,0,0,0,0,-19,0,-10,0,0,1,-34,0,-41,0,0,7,7,16,16,27,19,19,2,2,1,10,5,23,14,16,10,87,41,93,24,84,27,27,33,842,837]} 1. e4 c5 2. Nf3 d6 3. c3 Nf6 4. h3 Nc6 5. Bd3 g6 6. O-O Bg7 7. Bc2 O-O 8. Re1 e5 9. d3 d5 10. Nbd2 {B50: Sicilian: 2...d6, Miscellaneous} b6 11. a3 Bb7 12. b4 $146 {Black has an edge.} ({Predecessor:} 12. Qe2 Qc7 13. Nf1 d4 14. Bd2 b5 15. Rec1 Qb6 16. Bb3 Rac8 17. Ba2 {1-0 (47) Sokolov,A (2580)-Malinin,Y Novgorod 1997}) 12... dxe4 13. dxe4 Qe7 14. Qe2 Rac8 {[%cal Rc5b4]} 15. Nf1 Rfd8 {[%cal Rc5b4]} 16. Ng3 c4 17. Be3 b5 18. a4 a6 19. Bb6 Rd7 20. Rad1 h6 21. Bc5 Qe8 22. h4 h5 23. Ng5 Nd8 24. Nf1 Ne6 25. Bb6 Rc6 26. a5 Rxd1 27. Rxd1 Qe7 28. Qd2 Rc8 29. f3 Nxg5 30. Qxg5 Qe6 31. Bf2 Kh7 32. Qe3 Nd7 33. Qd2 Nf8 34. Ne3 Qe8 35. Qd6 Ne6 (35... Rc6 $11 {remains equal.} 36. Qd2 Bh6) 36. Qb6 $36 {[%mdl 2048] White is pushing.} Qc6 {[#]} (36... Rb8 $14) 37. Nd5 ({Better is} 37. Nf5 $1 $16 {[%mdl 512]}) 37... Bf8 (37... Re8 $11) 38. Nf6+ (38. Kh2 $16) 38... Kg7 $11 39. Nd7 Bd6 $2 {[%mdl 8192]} (39... Rd8 $14 40. Nxf8 (40. Nxe5 Rxd1+ 41. Bxd1 Qc8 $11) 40... Rxd1+ 41. Bxd1 Kxf8) 40. Rxd6 {Accuracy: White = 28%, Black = 20%.} 1-0

[Event "29th Paul Keres Memorial 2020"]
[Site "Tallinn"]
[Date "2020.01.11"]
[Round "2.3"]
[White "Ivanov, Igor"]
[Black "Alekseev, Evgeny"]
[Result "0-1"]
[WhiteElo "2172"]
[BlackElo "2623"]
[Annotator "TA"]
[PlyCount "48"]
[EventDate "2020.01.11"]
[EventType "swiss"]
[EventCountry "EST"]
[SourceTitle "playchess.com"]
[Source "ChessBase"]
[SourceQuality "1"]

{[%evp 9,78,0,0,-38,-38,-51,-42,-59,-42,-48,-45,-48,-33,-34,-25,-34,-8,-44,0,0,24,-69,-68,-70,-25,-59,-25,-120,-129,-150,-145,-157,-172,-241,-254,-233,-238,-334,-334,-316,-328,-326,-305,-291,-214,-291,-307,-440,-433,-460,-453,-526,-384,-551,-356,-331,-325,-502,-497,-484,-491,-455,-339,-576,-447,-647,-620,-2163,-1763,-1663,-1685]} 1. c4 c5 2. b3 Nc6 3. Bb2 e5 4. d3 (4. g3 Nge7 5. Nf3 d6 6. Bg2 g6 7. O-O Bg7 8. Nc3 O-O 9. d3 Rb8 10. a3 a6 11. Nd2 b5 12. e3 {½-½ (53) Flores,D (2608)-Felgaer,R (2560) Buenos Aires 2019}) 4... g6 5. Nf3 Bg7 6. Nbd2 {A30: Symmetrical English: Double Fianchetto and Hedgehog} Nge7 7. g3 O-O 8. Qc2 {Black is slightly better.} d6 9. Bg2 h6 10. O-O f5 $146 ({Predecessor:} 10... Be6 11. Rad1 Qd7 {½-½ (67) Javdan,A (1919)-Khachykian,D (2134) Yerevan 2016}) 11. e3 g5 12. a3 a5 13. Rad1 Ng6 14. Nb1 Nce7 15. d4 (15. Nfd2 $11) 15... cxd4 $15 16. exd4 e4 17. Ne1 d5 {Black wants to play ...f4.} 18. cxd5 (18. f3 $1 $11) 18... Nxd5 $17 19. Nc3 Be6 20. Qd2 Nxc3 21. Qxc3 (21. Bxc3 {was worth a try.} Bxb3 22. Nc2) 21... Rc8 $19 22. Qe3 Bd5 23. f4 (23. Rc1 $142) 23... gxf4 24. gxf4 Rf6 {Played: Qd8-b6} 0-1

[Event "29th Paul Keres Memorial 2020"]
[Site "Tallinn"]
[Date "2020.01.11"]
[Round "2.4"]
[White "Tiviakov, Sergei"]
[Black "Berzina, Ilze"]
[Result "1-0"]
[WhiteElo "2608"]
[BlackElo "2192"]
[Annotator "TA"]
[PlyCount "99"]
[EventDate "2020.01.11"]
[EventType "swiss"]
[EventCountry "EST"]
[SourceTitle "playchess.com"]
[Source "ChessBase"]
[SourceQuality "1"]

{[%evp 11,123,0,0,-8,22,28,43,35,48,29,37,41,41,37,37,23,34,16,27,10,10,8,13,0,12,0,0,0,22,24,55,61,100,91,94,94,165,174,168,170,309,118,139,112,125,127,126,120,121,117,129,123,148,131,136,139,153,144,153,154,155,141,149,134,148,146,147,147,147,143,121,42,50,54,127,134,216,225,208,84,77,109,224,212,247,292,290,274,253,9,10,10,10,0,0,-40,29969,29971,29965,29968,11239,6079,1560,466,29980,29981,29981,29982,29982,29983,29988,29983,29983,29984]} 1. e4 c6 2. d3 d5 3. Nd2 e5 4. Ngf3 Bd6 5. d4 exd4 6. exd5 cxd5 7. Nxd4 {B10: Caro-Kann: 2 d3 and 2 c4} Nf6 8. Bb5+ Nbd7 $146 ({Predecessor:} 8... Bd7 9. Qe2+ Qe7 10. Bxd7+ Kxd7 11. Qxe7+ Bxe7 12. N2f3 Rc8 13. Bg5 Nc6 14. O-O-O Ne4 {1-0 (68) Safarli,E (2628)-Shimanov,A (2550) Aix les Bains 2011}) 9. Qe2+ {White is slightly better.} Qe7 10. Qxe7+ Bxe7 11. Nf5 a6 12. Be2 Bf8 13. O-O g6 14. Nd4 Bg7 15. N2f3 O-O 16. c3 Nc5 17. h3 Re8 18. Be3 Nfe4 19. Rfe1 Ng3 20. Rad1 Nxe2+ 21. Nxe2 Ne4 22. Nf4 ({Much weaker is} 22. Rxd5 $6 Be6 $11) 22... Nf6 23. Bd4 {[#] Hoping for Bxf6.} Bf5 (23... Rxe1+ $16 {is a better defense.} 24. Rxe1 Bd7) 24. Bxf6 $1 $18 Bxf6 25. Nxd5 Kg7 (25... Rxe1+ $142 26. Rxe1 Bd8) 26. Nxf6 $2 (26. Nc7 $18 {and the rest is easy.} Be6 27. a3) 26... Kxf6 27. Nd4 Be4 28. f3 Bd5 29. a3 {[%cal Ba2a3,Ba3a4][%mdl 32]} Rxe1+ 30. Rxe1 $16 {[%mdl 4096] Endgame KRB-KRN} Rd8 31. Kf2 Bc4 32. b3 Bd5 33. a4 a5 34. Re3 b6 35. h4 h5 36. Re2 Bb7 37. Rd2 Ba6 38. c4 Bb7 39. Ke3 Re8+ 40. Kd3 Re1 41. Kc2 (41. Nb5 $16) 41... Rh1 $14 42. Nb5 {Strongly threatening Rd6+.} Rxh4 (42... Ke7 $14) 43. Rd6+ $16 Ke5 (43... Ke7 $16) 44. Rxb6 Bc8 {intending ...Rh2.} 45. Rd6 (45. Kd3 $18 {is more deadly.}) 45... Rh2 46. Rd2 Kf4 (46... h4 $16 {was necessary.}) 47. Nd6 $18 Be6 48. c5 h4 49. c6 h3 50. gxh3 {Played: g2-g3} 1-0

[Event "29th Paul Keres Memorial 2020"]
[Site "Tallinn"]
[Date "2020.01.11"]
[Round "2.5"]
[White "Neff, Sergei"]
[Black "Kuzubov, Yuriy"]
[Result "0-1"]
[WhiteElo "2141"]
[BlackElo "2644"]
[Annotator "TA"]
[PlyCount "70"]
[EventDate "2020.01.11"]
[EventType "swiss"]
[EventCountry "EST"]
[SourceTitle "playchess.com"]
[Source "ChessBase"]
[SourceQuality "1"]

{[%evp 9,91,2,5,-35,-26,-39,-7,-12,12,-11,0,-20,-13,-28,0,0,0,-3,0,2,12,0,14,0,17,0,0,0,22,27,77,76,63,47,75,79,75,77,74,72,95,32,44,0,20,38,41,6,60,56,47,0,93,24,33,4,0,-400,-205,-525,-533,-497,-454,-454,-437,-462,-311,-583,-577,-581,-570,-796,-797,-1132,-757,-754,-752,-736,-723,-777,-752,-743,-756,-675]} 1. Nf3 d5 2. b3 Bg4 3. Bb2 Nd7 4. d3 Bxf3 5. exf3 e5 6. c4 $146 {A06: Réti Opening:1 Nf3 d5} ({Predecessor:} 6. g3 Ngf6 7. Bg2 Bd6 8. O-O O-O 9. c4 c6 10. cxd5 Nxd5 11. d4 {1-0 (41) Sevian,S (2600)-Panjwani,R (2392) Greensboro 2016}) 6... Ngf6 7. Be2 c5 8. O-O {The position is equal.} Be7 9. Re1 O-O 10. Bf1 d4 11. g3 b6 12. Bc1 Bd6 13. Nd2 Bc7 14. Bh3 Ne8 15. a3 a5 16. Rb1 f5 17. Bg2 f4 18. Bh3 Ndf6 19. b4 a4 20. bxc5 bxc5 21. Rb5 Bd6 22. Ne4 Nxe4 23. fxe4 Nc7 24. Rb7 Qf6 25. gxf4 (25. Rb6 $16) 25... exf4 $14 {Threatens to win with ...f3.} 26. f3 Be5 27. Re2 Ne8 28. Rb5 Qc6 ({Better is} 28... Qe7 $11) 29. Reb2 Rf6 30. Kh1 h6 (30... Bc7 $11 {remains equal.}) 31. Rb7 (31. Qe1 $16) 31... Nd6 $11 32. R7b6 (32. Re7 {keeps more tension.} Nf7 33. Bd7 Qc7 34. Re8+ Rxe8 35. Bxe8 Ra6 36. Ra2) 32... Qc7 {...Nxc4! is the strong threat.} 33. Bd2 $2 {[%mdl 8192] [#]} (33. Qe1 $11 {and White stays safe.}) 33... Nxe4 (33... Nxc4 $142 $1 {[%mdl 512]} 34. Rxf6 (34. dxc4 Rxb6) 34... Nxb2) 34. fxe4 $2 (34. Ba5 Rxb6 35. Bxb6 Qxb6 36. Qc1) 34... Rxb6 $19 35. Rb5 {and the idea Ba5 leaves White hopeful.} Rab8 {Played: Qc7-c6} 0-1